000 00883nas a2200301 i 4500
001 2735
003 ES-MaACL
005 20250828062532.0
007 t|
008 000203c1975 sp m| | 0 ||pa d
022 _a0210-0630
080 _a37
245 0 0 _aCuadernos de pedagogía.
260 _aBarcelona :
_bPraxis,
_c1975-
300 _a12 v. ;
_c30 cm.
310 _aMensual
362 0 _aNº 1 (1975)-
500 _aDescripción basada en nº 288 (enero 2000)
650 7 _aEducación
_2embne
_912073
650 0 7 _aPedagogía
_2embne
_915904
655 7 _2tgfbne
_9226866
_aRevistas
852 _aES-MaACL
_jHEM-2027
_cHEM
_92832
856 _uhttps://dialnet.unirioja.es/servlet/revista?codigo=378
_ySumarios de la revista en Dialnet
866 0 _o2000-2011.
942 _2udc
_cPERIODICA
999 _c2735
_d2735